000 00372nam a2200133Ia 4500
005 20260328104301.0
008 260328s9999||||xx |||||||||||||| ||und||
100 _aGiedion, Sigfried
245 0 _aSpace, Time & Architecture :
_b the growth of a new tradition /
_cSigfried Giedion
260 _bHarvard
300 _a897 p.
650 _aARQUITECTURA HISTORIA
942 _cBK
999 _c10598
_d10598